Southville International School and Colleges
Your cart is empty.
  • Cart
  • Lists
    Public lists Eva Luna New books Lux_list list_1
    Your lists Log in to create your own lists
  • Log in to your account
  • Your cookies
  • Search history
Southville International School and Colleges
  • Advanced search
  • Recent comments
  • Most popular
  • Libraries

Log in to your account

Log in with GOOGLE


If you do not have an external account, but do have a local account, you can still log in:

  1. Home
  2. MARC view: Understanding brands /
Normal view MARC view ISBD view

Understanding brands / (Record no. 22084)

[ view plain ]
MARC details
000 -LEADER
fixed length control field 00521nam a2200193 a 4500
005 - DATE AND TIME OF LATEST TRANSACTION
control field 20140310183351.0
008 - FIXED-LENGTH DATA ELEMENTS--GENERAL INFORMATION
fixed length control field 070626s19uu xx 00 eng d
020 ## - INTERNATIONAL STANDARD BOOK NUMBER
International Standard Book Number 074944665
050 ## - LIBRARY OF CONGRESS CALL NUMBER
Classification number HD 69.B7
Item number .C527 2006
100 ## - MAIN ENTRY--PERSONAL NAME
Personal name Cheverton, Peter
245 ## - TITLE STATEMENT
Title Understanding brands /
Statement of responsibility, etc Peter Cheverton
260 ## - PUBLICATION, DISTRIBUTION, ETC. (IMPRINT)
Place of publication, distribution, etc United Kingdom :
Name of publisher, distributor, etc Kogan Page,
Date of publication, distribution, etc 2006.
300 ## - PHYSICAL DESCRIPTION
Extent 139 p. :
Dimensions 20 cm.
521 ## - TARGET AUDIENCE NOTE
Target audience note
650 ## - SUBJECT ADDED ENTRY--TOPICAL TERM
Topical term or geographic name as entry element Brand name products.
650 ## - SUBJECT ADDED ENTRY--TOPICAL TERM
Topical term or geographic name as entry element Product management.
942 ## - ADDED ENTRY ELEMENTS (KOHA)
Koha item type Books
Source of classification or shelving scheme Library of Congress Classification
Call number prefix Foreign

No items available.

Understanding brands /

APA

Cheverton P., . (2006). Understanding brands. United Kingdom: Kogan Page.

Chicago

Cheverton Peter, . 2006. Understanding brands. United Kingdom: Kogan Page.

Harvard

Cheverton P., . (2006). Understanding brands. United Kingdom: Kogan Page.

MLA

Cheverton Peter, . Understanding brands. United Kingdom: Kogan Page. 2006.

  • Print
  • Cite
  • Add to your cart (remove)
  • Save record
    BIBTEX Dublin Core MARCXML MARC (non-Unicode/MARC-8) MARC (Unicode/UTF-8) MARC (Unicode/UTF-8, Standard) MODS (XML) RIS
  • More searches
    Search for this title in:
    Other Libraries (WorldCat) Other Databases (Google Scholar) Online Stores (Bookfinder.com) Open Library (openlibrary.org)

Exporting to Dublin Core...

SOUTHVILLE LIBRARY

Southville International School and Colleges Library

1281 Tropical Ave. Cor. Luxembourg St., BF Homes International, Las Pinas City

Tel. No. 8256374 / 252358 Loc. 117/146

Powered by Koha